000 00990nam a2200277Ia 4500
001 Para_10121
003 CHAP
008 220125sSept xx 000 0 und d
010 _a208813
040 _cCHAP
090 _aPA CD - TESIS 199
100 _aCruz Ventura, Elizabeth
_929626
245 _aDosis-respuesta de poblaciones de Conyza canadensis y Leptochloa vigata a glifosato /
_c Elizabeth Cruz Ventura; Director José Alfredo Domínguez Valenzuela
260 _aChapingo, Méx. :
_b el autor
300 _a1 CDS ROM (29 p.)
502 _aTesis (Ing. Agr. Esp. en Parasitología Agrícola). UACh. Departamento Parasitología Agrícola
700 _aDomínguez Valenzuela, José Alfredo. Director
_9175113
710 _aUACh. Departamento Parasitología Agrícola
_9164025
901 _aPA CD - TESIS 199
902 _aM
905 _a513221Septiembre,2012 m 8000000000 06
910 _aSept
942 _cPARA
942 _cPARA
_d2
999 _c208813
_d208813